LEADER 01633nam a2200373 a 4500 001 000000161251 003 CaOOAMICUS 005 20170612093920.0 008 170612s2017 it u000 u ita r 020 $a978-88-13-363062* 032 $aLibriCat 040 $aPUL$bita 082 04$a346.45015 100 1 $aCascone, Ciro.$0(OLS)http://pul/name/103259 245 10$aDiritto di famiglia e minorile :$bper operatori sociali e sanitari /$cCiro Cascone, Simona Ardesi, Massimiliano Gioncada. 250 $a2. ed. 260 $aMilanofiori Assago :$bWolters Kluwer,$cİ2017. 300 $aXVI, 511 p. ;$c24 cm. 490 1 $aCEDAM Scienze giuridiche 504 $aBibliografia in nota. 650 4$aMinori$xDiritto e legislazione.$0(OLS)http://pul/subject/8217 650 4$aMinori$xTutela.$0(OLS)http://pul/subject/19963 700 1 $aArdesi, Simona.$0(OLS)http://pul/name/103260 700 1 $aGioncada, Massimiliano.$0(OLS)http://pul/name/103261 830 0$aScienze giuridiche (CEDAM).$0(OLS)http://pul/title/69735 850 $aPUL 852 $aPUL$W1$xSL Diritto e Scienze Sociali 3$y79$m346. 45015 CASCI 1$j185214$qDDC 21$B188407$CPULBib$Z2$F188407 $H129816 $81 941 1 $a9 983 0$aCEDAM Scienze giuridiche . 996 $6020$a978-88-13-363062*$9(OLS)http://pul/number/162857 996 $6082$a346.45015$9(OLS)http://pul/classification/1901 996 $6245$aDiritto di famiglia e minorile :$bper operatori sociali e sanitari$9(OLS)http://pul/title/200971 996 $6260$aMilanofiori Assago :$bWolters Kluwer$9(OLS)http://pul/publisher/81463 LEADER 01862nam a2200409 a 4500 001 000000171993 003 CaOOAMICUS 005 20190605161942.0 008 190605s2019 it u000 u ita r 020 $a978-88-16-30626-4* 032 $aLibriCat 040 $aPUL$bita$d 100 0 $aIoannes Henricus Newman,$csanto,$d1801-1890.$0(OLS)http://pul/name/8149 245 13$aLa coscienza /$cJohn H. Newman ; saggio introduttivo, traduzione e note di Giovanni Velocci. 250 $aNuova edizione. 260 $aMilano :$bJaca Book,$cİ2019. 300 $a153 p. ;$c23 cm 490 1 $aJohn Henry Newman Opere 504 $aBibliografia in nota. 650 4$aTeologia morale.$0(OLS)http://pul/subject/1500 650 4$aCoscienza.$0(OLS)http://pul/subject/5039 700 1 $aVelocci, Giovanni.$0(OLS)http://pul/name/5708 800 0 $aIoannes Henricus Newman,$csanto,$d1801-1890.$tOpere.$0(OLS)http://pul/nameTitle/892$0(OLS)http://pul/name/8149$0(OLS)http://pul/title/5258 830 0$aJohn Henry Newman$bOpere.$0(OLS)http://pul/title/212869 850 $aPUL 852 $aPUL$W1$xSL Religione 2$y84$mTheol D3 4.2.10$j195855$qStampati Altre Collocazioni$B200690$CPULBib$Z2$F200690 $H132829 $82 900 $aNewman, John Henry$ccard.,$d1801-1890$98149 900 $aIohannes Henricus Newman,$csanto,$d1801-1890$98149 900 $aJohannes Henricus Newman,$cs.,$d1801-1890$98149 900 $aNewman, John Henry$ccard.,$d1801-1890$98149 900 $aIohannes Henricus Newman,$csanto,$d1801-1890$98149 900 $aJohannes Henricus Newman,$cs.,$d1801-1890$98149 941 1 $a10 996 $6020$a978-88-16-30626-4*$9(OLS)http://pul/number/166141 996 $6245$aLa coscienza$9(OLS)http://pul/title/38680 996 $6260$aMilano :$bJaca Book$9(OLS)http://pul/publisher/47900